000 00363 a2200169 4500
001 184531
020 _a
040 _cMagnum
100 _aFerreira, Thales Guaracy
240 1 0 _aLiberdade para todos
_lpor
245 1 0 _aLiberdade para todos
300 _a38
362 0 _a1996
440 1 _aModerna
697 _aLITERATURA INFANTO-JUVENIL
942 _cBK
999 _c184531
_d184531